| 000 | 00826cab a2200193 4500 | ||
|---|---|---|---|
| 001 | L130468 | ||
| 008 | 050802n2005 000 0 eng u | ||
| 035 | _a(Sirsi) u130468 | ||
| 041 | _aeng | ||
| 050 |
_a692.2 _c18 |
||
| 110 |
_aOffice of the Deputy Prime Minister _94685 |
||
| 245 | _aProposals for amending part B (fire safety) of the Building Regulations | ||
| 260 |
_aLondon _bODPM _c2005 |
||
| 520 | _aThe ODPM have published a consultation on proposal for amending part B (fire safety) of the Building Regulations. The consultation closes on 18 November 2005. | ||
| 590 | _aIKA020805 | ||
| 690 | _aBUILT ENVIRONMENT-BUILDING STANDARDS-FIRE REGULATIONS | ||
| 856 |
_uhttps://www.communities.gov.uk/publications/planningandbuilding/partbfiresafety _zView the item free of charge at www.dclg.gov.uk... |
||
| 942 | _n0 | ||
| 999 |
_c104465 _d104465 |
||